Polizeikultur: Routinen - Rituale - Reflexionen ; Bausteine zu einer Theorie der Praxis der Polizei
| Main Author: | |
|---|---|
| Format: | Print Book |
| Language: | German |
| Published: |
Wiesbaden
VS, Verlag für Sozialwiss.
2006
|
| In: | Year: 2006 |
| Edition: | 1. Aufl. |
| Online Access: |
Autorenbiografie (Publisher) Inhaltstext (Publisher) Table of Contents Table of Contents Verlagsangaben (Publisher) |
| Availability in Tübingen: | Present in Tübingen. IFK: J III 309 |
| Check availability: | HBZ Gateway |
| Subito Delivery Service: | Order now. |
| Keywords: |
MARC
| LEADER | 00000cam a2200000 c 4500 | ||
|---|---|---|---|
| 001 | 481290710 | ||
| 003 | DE-627 | ||
| 005 | 20260206193152.0 | ||
| 007 | tu | ||
| 008 | 050309s2006 gw ||||| 00| ||ger c | ||
| 010 | |a 2007385989 | ||
| 015 | |a 05,N12,0249 |2 dnb | ||
| 015 | |a 07,A04,0324 |2 dnb | ||
| 016 | 7 | |a 973978783 |2 DE-101 | |
| 020 | |a 3531145843 |9 3-531-14584-3 | ||
| 020 | |a 9783531145846 |9 978-3-531-14584-6 | ||
| 024 | 3 | |a 9783531145846 | |
| 035 | |a (DE-627)481290710 | ||
| 035 | |a (DE-603)183382552 | ||
| 035 | |a (DE-576)116899573 | ||
| 035 | |a (DE-599)DNB973978783 | ||
| 035 | |a (OCoLC)180885676 | ||
| 035 | |a (OCoLC)180885676 | ||
| 035 | |a (OCoLC)77481761 | ||
| 035 | |a (AT-OBV)AC05880854 | ||
| 035 | |a (DE-H357)his32936 | ||
| 040 | |a DE-627 |b ger |c DE-627 |e rakwb | ||
| 041 | |a ger | ||
| 044 | |c XA-DE-HE | ||
| 050 | 0 | |a HV7921 | |
| 072 | 7 | |a JHB |2 bicssc | |
| 072 | 7 | |a SOC026000 |2 bisacsh | |
| 082 | 0 | |a 306.28 |q OCLC | |
| 082 | 0 | |a 300 | |
| 082 | 0 | 4 | |a 300 |
| 084 | |a 3,7 |a 2 |2 ssgn | ||
| 084 | |a MS 6850 |2 rvk |0 (DE-625)rvk/123769: | ||
| 084 | |a 86.54 |2 bkl | ||
| 084 | |a 88.17 |2 bkl | ||
| 090 | |a a | ||
| 100 | 1 | |a Behr, Rafael |d 1958- |0 (DE-588)121994392 |0 (DE-627)081669488 |0 (DE-576)171498437 |4 aut | |
| 109 | |a Behr, Rafael 1958- | ||
| 245 | 1 | 0 | |a Polizeikultur |b Routinen - Rituale - Reflexionen ; Bausteine zu einer Theorie der Praxis der Polizei |c Rafael Behr |
| 250 | |a 1. Aufl. | ||
| 263 | |a Pb. : ca. EUR 24.90 | ||
| 264 | 1 | |a Wiesbaden |b VS, Verlag für Sozialwiss. |c 2006 | |
| 300 | |a 211 S |b graph. Darst |c 210 mm x 148 mm | ||
| 336 | |a Text |b txt |2 rdacontent | ||
| 337 | |a ohne Hilfsmittel zu benutzen |b n |2 rdamedia | ||
| 338 | |a Band |b nc |2 rdacarrier | ||
| 500 | |a Literaturverz. S. [195] - 211 | ||
| 583 | 1 | |a Archivierung/Langzeitarchivierung gewährleistet |f PEHE |2 pdager |5 DE-43 | |
| 650 | 0 | |a Police | |
| 650 | 0 | |a Police administration | |
| 650 | 0 | |a Police-community relations | |
| 650 | 0 | 7 | |0 (DE-588)4046595-0 |0 (DE-627)106197525 |0 (DE-576)209070196 |a Polizei |2 gnd |
| 650 | 0 | 7 | |0 (DE-588)4115463-0 |0 (DE-627)105814156 |0 (DE-576)209493461 |a Organisationskultur |2 gnd |
| 650 | 4 | |a Polizei | |
| 650 | 4 | |a Gewaltmonopol | |
| 650 | 4 | |a Polizeikultur | |
| 650 | 4 | |a Geschlechterverhältnis | |
| 650 | 4 | |a Migrant | |
| 650 | 4 | |a Migration | |
| 650 | 4 | |a Polizei, Unternehmenskultur, Literatur | |
| 689 | 0 | 0 | |d s |0 (DE-588)4046595-0 |0 (DE-627)106197525 |0 (DE-576)209070196 |a Polizei |2 gnd |
| 689 | 0 | 1 | |d s |0 (DE-588)4115463-0 |0 (DE-627)105814156 |0 (DE-576)209493461 |a Organisationskultur |2 gnd |
| 689 | 0 | |5 DE-101 | |
| 776 | 1 | |z 9783531902708 | |
| 856 | 4 | 2 | |u http://www.gbv.de/dms/goettingen/481290710.pdf |m V:DE-601 |m B:DE-7 |q pdf/application |x Verlag |y Inhaltsverzeichnis |3 Inhaltsverzeichnis |7 1 |
| 856 | 4 | 2 | |u http://www.loc.gov/catdir/enhancements/fy1405/2007385989-d.html |v 2014-07-01 |x Verlag |3 Verlagsangaben |7 1 |
| 856 | 4 | 2 | |u http://www.loc.gov/catdir/enhancements/fy1405/2007385989-b.html |v 2014-07-01 |x Verlag |3 Autorenbiografie |7 1 |
| 856 | 4 | 2 | |u http://deposit.dnb.de/cgi-bin/dokserv?id=2603933&prov=M&dok_var=1&dok_ext=htm |m X: MVB |q text/html |v 20130501 |x Verlag |3 Inhaltstext |7 1 |
| 856 | 4 | 2 | |u http://scans.hebis.de/HEBCGI/show.pl?18338255_toc.pdf |m V:DE-603;B:DE-17 |q application/pdf |3 Inhaltsverzeichnis |7 1 |
| 935 | |i sf | ||
| 935 | |i Blocktest | ||
| 936 | r | v | |a MS 6850 |b Gericht, Richter, Rechtsprechung, Polizei |k Soziologie |k Spezielle Soziologien |k Rechtssoziologie |k Gericht, Richter, Rechtsprechung, Polizei |0 (DE-627)1271441527 |0 (DE-625)rvk/123769: |0 (DE-576)201441527 |
| 936 | b | k | |a 86.54 |j Polizeirecht |j Ordnungsrecht |0 (DE-627)106422308 |
| 936 | b | k | |a 88.17 |j Ordnungskräfte |0 (DE-627)10641383X |
| 936 | s | n | |a m200 |2 mzub |
| 951 | |a BO | ||
| ELC | |b 1 | ||
| LOK | |0 000 xxxxxcx a22 zn 4500 | ||
| LOK | |0 001 3204988007 | ||
| LOK | |0 003 DE-627 | ||
| LOK | |0 004 481290710 | ||
| LOK | |0 005 20070116112756 | ||
| LOK | |0 008 070116||||||||||||||||ger||||||| | ||
| LOK | |0 040 |a DE-21-110 |c DE-627 |d DE-21-110 | ||
| LOK | |0 541 |e 07/05 | ||
| LOK | |0 689 |a s |a Polizeikultur | ||
| LOK | |0 689 |a s |a Polizeipraxis | ||
| LOK | |0 689 |a s |a Polizeiforschung | ||
| LOK | |0 689 |a s |a Organisation | ||
| LOK | |0 689 |a s |a Struktur | ||
| LOK | |0 852 |a DE-21-110 | ||
| LOK | |0 852 1 |c J III 309 |m p |9 00 | ||
| LOK | |0 936ln |a 4.5.1.4 | ||
| LOK | |0 938 |k p | ||
| LOK | |0 939 |a 16-01-07 |b l01 | ||
| ORI | |a SA-MARC-krimdoka001.raw | ||
| SIG | |a IFK: J III 309 | ||
